| 000 | 00438pab a2200181 454500 | ||
|---|---|---|---|
| 008 | 180718b2001 xxu||||| |||| 00| 0 eng d | ||
| 100 | _aSingh, Amrik | ||
| 245 | _aEducation and professional councils | ||
| 260 | _c2001 | ||
| 300 | _ap.10 | ||
| 362 | _a14 Nov | ||
| 650 | _aEducational policy | ||
| 650 | _aEducational administration | ||
| 650 | _aEducational planning | ||
| 650 | _aEducation | ||
| 773 | _aHindu | ||
| 909 | _a50987 | ||
| 999 |
_c50987 _d50987 |
||